Miserables y locos: medicina mental y orden social en la España del siglo XIX
Uloženo v:
| Hlavní autor: | |
|---|---|
| Médium: | Kniha |
| Jazyk: | španělština |
| Vydáno: |
Barcelona, España
Tusquets
1983
|
| Edice: | Cuadernos Infimos,
106 |
| Témata: | |
| Tagy: |
Přidat tag
Žádné tagy, Buďte první, kdo vytvoří štítek k tomuto záznamu!
|
MARC
| LEADER | 00000nam a2200000 a 4500 | ||
|---|---|---|---|
| 001 | UCP5900 | ||
| 003 | CL-VaPUC | ||
| 005 | 20230801114742.0 | ||
| 008 | 991001e19830000SP |||||||||||||||||spa|d | ||
| 999 | |c 283537 |d 283535 | ||
| 040 | |c Pontificia Universidad Católica de Valparaíso | ||
| 082 | 0 | 4 | |a 365.946 ALV 1983 |2 21 |
| 100 | 0 | |a Alvarez-Uria, Fernando |e author |9 434543 | |
| 245 | 1 | 0 | |a Miserables y locos: |b medicina mental y orden social en la España del siglo XIX |
| 260 | |a Barcelona, España |b Tusquets |c 1983 | ||
| 300 | |a 364 páginas | ||
| 490 | 0 | |a Cuadernos Infimos, |v 106 | |
| 583 | |a last modification |c 19991001 00:00:00 |k Rodrigo Vera | ||
| 650 | 7 | |a INSTITUCIONES PENALES |2 CL-VaPUC |9 434544 |z ESPAÑA | |
| 650 | 0 | |a Prisiones |z ESPAÑA |9 255309 | |
| 650 | 0 | |a Orden público |z ESPAÑA |9 368427 | |
| 650 | 7 | |a ENFERMOS MENTALES |2 CL-VaPUC |9 343473 |z ESPAÑA | |
| 650 | 0 | |a Psiquiatría |z ESPAÑA |9 308427 | |
| 650 | 7 | |a HISTORIA DE ESPAÑA |2 CL-VaPUC |9 391806 |y SIGLO 19 | |
| 852 | |a BIBCUR | ||
| 942 | |c BK |2 ddc | ||
| 945 | |d 19991001 00:00:00 |a crobeson | ||
| 952 | |0 0 |1 0 |2 ddc |4 0 |6 365_946000000000000_ALV_1983 |7 0 |8 A |9 326787 |a BIBHIS |b BIBHIS |d 2019-11-20 |i 1357743 |o 365.946 ALV 1983 |p 1357743 |r 2025-01-20 |t 1 |w 2019-11-20 |y BK |k HIS | ||